000 00932nam a2200265Ia 4500
003 OSt
005 20220923211223.0
006 a|||||r|||| 00| 0
007 ta
008 220922b |||||||| |||| 00| 0 hin d
020 _a9788136701957 (hbk)
_c400
024 _a245,347
037 _b377, 11/02/2011, Swaraj Prakashan
_cTextual
040 _aARTS
_cARTS
_bhin
041 _2hin
_ahin
082 _aO152,3N44,AK, P0
100 _aमैत्रेयी पुष्पा
_9159904
245 0 _aअल्मा कबूतरी
246 _aAlmā kabūtarī
260 _aनयी दिल्ली
_b राजकमल प्रकाशन
_c2004
300 _a389पृ.
_ccm.
650 _aहिन्दी साहित्य
_9156264
942 _hO152,3N44,AK, P0
_cTEXL
_2CC
999 _c297177
_d297177